Statystyki dla 25 najludniejszych krajów na świecie

Kliknij tutaj aby rozwiązać quiz!

Ogólne statystyki

  • Ten quiz został rozwiązany 376 razy
  • Średni wynik to 20 z 25

Statystyki odpowiedzi

KontynentOdpowiedź% Poprawnych
AzjaChiny
100%
EuropaRosja
98%
Ameryka PółnocnaStany Zjednoczone
98%
AzjaIndie
96%
Ameryka PołudniowaBrazylia
95%
EuropaFrancja
94%
AzjaJaponia
93%
EuropaNiemcy
93%
Ameryka PółnocnaMeksyk
91%
AfrykaEgipt
88%
EuropaWielka Brytania
88%
EuropaWłochy
85%
AzjaIndonezja
83%
AfrykaNigeria
82%
AfrykaRepublika Południowej Afryki
81%
AfrykaDemokratyczna republika Konga
77%
AzjaIran
77%
AzjaPakistan
76%
AzjaTurcja
75%
AzjaWietnam
69%
AzjaBangladesz
68%
AzjaTajlandia
67%
AfrykaEtiopia
66%
AzjaFilipiny
58%
AfrykaTanzania
44%

Rozkład punktacji

Percentyl według liczby udzielonych odpowiedzi

Procent ludzi z każdym wynikiem

Twoja historia wyników

Nie rozwiązałeś tego quizu